Sports Quiz

Random Sports or Numbers Quiz

2010 Celtics Roster Quiz Stats

 Plays Quiz not verified by Sporcle

Challenge
Share
Tweet
Embed
Score 0/19 Timer 04:00
0 Plays Today
Number Person % Correct
20Ray Allen
97.5%
34Paul Pierce
95%
5Kevin Garnett
92.6%
36Shaquille O'Neal
91.7%
7Jermaine O'Neal
90.9%
9Rajon Rondo
90.9%
11Glen Davis
84.3%
43Kendrick Perkins
83.5%
4Nate Robinson
81.8%
8Marquis Daniels
70.2%
Number Person % Correct
44Brian Scalabrine
59.5%
13Delonte West
42.1%
12Von Wafer
36.4%
55Luke Harangody
34.7%
0Avery Bradley
31.4%
50Semih Erden
24.8%
40Michael Finley
12.4%
40Oliver Lafayette
4.1%
27Tony Gaffney
2.5%

You're not logged in!

Compare scores with friends on all Sporcle quizzes.
OR
Log In

You Might Also Like...

Show Comments

Extras

Top Quizzes Today


Score Distribution

Your Account Isn't Verified!

In order to create a playlist on Sporcle, you need to verify the email address you used during registration. Go to your Sporcle Settings to finish the process.

Report this User

Report this user for behavior that violates our Community Guidelines.

Details: